Entertainment Weekly's Top 100 Books with the Authors - Statistics

General Stats
  • This quiz has been taken 97 times
  • The average score is 33 of 100
Answer Stats
Author Answer % Correct
2 F. Scott Fitzgerald The Great Gatsby
97%
3 Jane Austen Pride and Prejudice
94%
28 Leo Tolstoy War and Peace
89%
13 Harper Lee To Kill a Mockingbird
88%
18 Herman Melville Moby-Dick
86%
14 Fyodor Dostoevsky Crime and Punishment
82%
4 Charles Dickens Great Expectations
81%
22 Emily Bronte Wuthering Heights
79%
1 Leo Tolstoy Anna Karenina
78%
81 Mary Shelley Frankenstein
78%
32 J.D. Salinger The Catcher in the Rye
76%
59 Bram Stoker Dracula
75%
19 Vladimir Nabokov Lolita
72%
29 Margaret Atwood The Handmaid's Tale
71%
85 Joseph Heller Catch-22
67%
71 J.R.R. Tolkien The Hobbit
67%
16 Charlotte Bronte Jane Eyre
64%
53 Margaret Mitchell Gone With the Wind
63%
9 Toni Morrison Beloved
57%
10 E.B. White Charlotte's Web
57%
17 Cormac McCarthy The Road
56%
5 Gabriel Garcia Marquez One Hundred Years of Solitude
54%
11 Virginia Woolf Mrs. Dalloway
53%
99 Douglas Adams The Hitchhiker's Guide to the Galaxy
53%
45 Alice Walker The Color Purple
50%
23 Fyodor Dostoevsky The Brothers Karamazov
49%
36 Ayn Rand Atlas Shrugged
47%
61 Gabriel Garcia Marquez Love in the Time of Cholera
47%
12 William Faulkner The Sound and the Fury
44%
58 Salman Rushdie Midnight's Children
43%
26 Ralph Ellison Invisible Man
42%
75 Gustave Flaubert Madame Bovary
42%
68 George Eliot Middlemarch
42%
25 Charles Dickens Bleak House
40%
44 Philip Pullman His Dark Materials
40%
100 Amy Tan The Joy Luck Club
38%
72 Kazuo Ishiguro The Remains of the Day
38%
8 John Updike The Rabbit
35%
49 Orson Scott Card Ender's Game
33%
42 Stephen King The Stand
33%
37 Ernest Hemingway The Sun Also Rises
33%
87 Zadie Smith White Teeth
32%
24 James Joyce A Portrait of the Artist as a Young Man
31%
27 Madeleine L'Engle A Wrinkle in Time
31%
98 Judy Blume Are You There God? It's Me, Margaret
29%
6 Willa Cather My Antonia
29%
62 Mark Twain Adventures of Huckleberry Finn
28%
43 John Kennedy Toole A Confederacy of Dunces
26%
21 Theodore Dreiser An American Tragedy
26%
64 David Foster Wallace Infinite Jest
26%
30 Richard Wright Native Son
26%
20 Larry McMurtry Lonesome Dove
25%
46 Edith Wharton The Age of Innocence
25%
60 Zora Neal Hurston Their Eyes Were Watching God
25%
95 Barbara Kingslover The Poisonwood Bible
25%
73 John le Carre The Spy Who Came In From the Cold
24%
66 E.M. Forster Howard's End
22%
77 Henry Fielding Tom Jones
22%
40 Vikram Seth A Suitable Boy
19%
97 Raymond Chandler The Big Sleep
19%
34 John Irving The World According to Garp
19%
52 Toni Morrison Song of Solomon
18%
56 William Styron Sophie's Choice
18%
88 Tom Wolfe The Bonfire of the Vanities
18%
89 Laurence Sterne Tristram Shandy
18%
39 Jeffrey Eugenides Middlesex
17%
94 Wilkie Collins The Moonstone
17%
41 James Baldwin Go Tell It on The Mountain
15%
76 Doris Lessing The Golden Notebook
15%
7 J.K. Rowling The Harry Potter series
15%
90 Carson McCullers The Heart Is a Lonely Hunter
15%
63 Philip Roth Portnoy's Complaint
14%
91 Giuseppe Tomasi di Lampedusa The Leopard
14%
48 Patricia Highsmith The Talented Mr. Ripley
14%
15 E.L. Doctorow Ragtime
13%
31 Jose Saramago Blindness
10%
33 Art Spiegelman Maus
10%
80 Marcel Proust Swann's Way
10%
51 Jonathan Franzen The Corrections
10%
78 V.S. Naipaul A House for Mr. Biswas
8%
65 Saul Bellow Herzog
8%
69 Martin Amis Money
8%
70 William Gibson Neuromancer
8%
50 Orhan Pamuk Snow
8%
47 Haruki Murakami The Wind-Up Bird Chronicle
8%
74 Charles Frazier Cold Mountain
7%
82 J.M. Coetzee Disgrace
7%
55 Rohinton Mistry A Fine Balance
6%
79 Hilary Mantel Bring up the Bodies
4%
57 P.D. James The Children of Men
3%
35 Kezaburo Oe A Personal Matter
1%
67 Michael Chabon The Amazing Adventures of Kavalier & Clay
1%
83 Carol Shields The Stone Diaries
1%
86 Michael Cunningham A Home at the End of the World
0%
93 Dorothy Allison Bastard Out of Carolina
0%
54 Ben Fountain Billy Lynn's Long Halftime Walk
0%
84 Richard Price Clockers
0%
96 Italo Calvino If on a Winter's Night a Travler
0%
92 Hermann Hesse The Glass Bed Game
0%
38 Pat Barker The Rengeration
0%
No matching quizzes found
Score Distribution
Percent of People with Each Score
Percentile by Number Answered
Your Score History
You have not taken this quiz